| 000 | 00517naa a22001217u 4500 | ||
|---|---|---|---|
| 008 | 130517b1959 xxu||||| |||| 00| 0 spa d | ||
| 040 | _aSPA | ||
| 100 | 1 |
_aRubert y Candau, José María _99271 |
|
| 245 | 0 | 0 | _aEl problema del ser y la forma originaria del ser humano |
| 300 |
_a176-179 p. _c21 cm. |
||
| 773 | 0 |
_tLa forma:IV Semana Española de filosofía, 24 al 30 de Abril de 1957 _dMadrid,Consejo Superior de Investigaciones Científicas Instituto Luis Vives de Filosofía,1959, _gpágs. 176-179, _w74771 |
|
| 942 | _cAC | ||
| 999 |
_c222646 _d222646 |
||